00354nam a2200121Ia 4500003000400000005001700004008004100021040001800062041000800080100004600088245005900134260003900193OSt20260123161041.0211028s2017 xx 000 0 und d cAIMIT LIBRARY aeng aShetty, Akshay M;Wright, Rowena.g1516006 aStudy on attitudinal delusion among campco consumers / aMangalorebDr Rowena Wright.c2017